Descentralización en Bogotá bajo la lupa: 1992-1996
Сохранить в:
| Главные авторы: | , |
|---|---|
| Формат: | |
| Язык: | испанский |
| Опубликовано: |
Bogotá
Ediciones Antropos
1997
|
| Предметы: | |
| Метки: |
Добавить метку
Нет меток, Требуется 1-ая метка записи!
|
MARC
| LEADER | 00000nam a2200000 a 4500 | ||
|---|---|---|---|
| 001 | UCG5636 | ||
| 003 | CL-VaPUC | ||
| 008 | 110310e19971200CK |||||||||||||||||spa|d | ||
| 020 | |a 9586440559 | ||
| 082 | 0 | 4 | |a 320.986 |b GAR |2 21 |
| 100 | 0 | |a García Velandia, Martha Cecilia |e author |9 555337 | |
| 700 | 0 | |a Zamudio Castañeda, José Vicente |e author |9 555338 | |
| 245 | 1 | 0 | |a Descentralización en Bogotá bajo la lupa: 1992-1996 |
| 300 | |a 286 p | ||
| 942 | |c BK | ||
| 945 | |d 20110310 00:00:00 |a jcampos | ||
| 260 | |a Bogotá |b Ediciones Antropos |c 1997 | ||
| 650 | 7 | |a DESCENTRALIZACION |2 CL-VaPUC |9 311229 | |
| 650 | 0 | |a Gobierno local |9 258648 | |
| 650 | 0 | |a Administración pública |9 255343 | |
| 650 | 0 | |a Política y gobierno |9 255151 | |
| 651 | 0 | |a Colombia |9 256424 | |
| 651 | 0 | |a Bogotá |9 323524 | |
| 583 | |a last modification |c 20110310 00:00:00 |k Rodrigo Vera | ||
| 999 | |c 344039 |d 344037 | ||